[Event "Basso Veronese op 5th"]
[Site "Casaleone"]
[Date "2012.05.??"]
[Round "5"]
[White "Adami, Alessandro"]
[Black "Fiscato, Claudio"]
[Result "0-1"]
[WhiteElo "1741"]
[BlackElo "1810"]
[PlyCount "84"]
[EventDate "2012.05.19"]
[EventType "swiss"]
[EventRounds "6"]
[EventCountry "ITA"]
[SourceTitle "EXT 2014"]
[Source "ChessBase"]
[SourceDate "2013.11.20"]
[SourceVersion "1"]
[SourceVersionDate "2013.11.20"]
[SourceQuality "1"]

1. e4 c5 2. Nc3 e6 3. Nge2 a6 4. g3 Qc7 5. Bg2 Nc6 6. f4 d6 7. d3 Nf6 8. h3 Be7 9. Be3 0-0 10. Qd2 Rb8 11. 0-0 Rd8 12. Nd1 e5 13. f5 d5 14. Qe1 dxe4 15. Bxe4 Nxe4 16. dxe4 Nd4 17. Rc1 b6 18. c3 Nxe2+ 19. Qxe2 Bb7 20. Nf2 f6 21. h4 c4 22. g4 h6 23. g5 hxg5 24. hxg5 fxg5 25. Qg4 Rd6 26. Bxg5 Bxg5 27. Qxg5 Qd8 28. Qg3 Rh6 29. Rcd1 Qe7 30. Ng4 Rh7 31. f6 Qc5+ 32. Ne3 Bxe4 33. Kf2 Rf8 34. Ke1 Bd3 35. Rf3 Qc6 36. Kd2 Rxf6 37. Rxf6 Qxf6 38. Qg2 e4 39. Qg3 Rh6 40. Rg1 Rg6 41. Qxg6 Qf2+ 42. Kd1 Qe2+ 0-1

[Event "Basso Veronese op 5th"]
[Site "Casaleone"]
[Date "2012.05.??"]
[Round "4"]
[White "Leone, Cataldo"]
[Black "Adami, Alessandro"]
[Result "0-1"]
[WhiteElo "1592"]
[BlackElo "1741"]
[PlyCount "72"]
[EventDate "2012.05.19"]
[EventType "swiss"]
[EventRounds "6"]
[EventCountry "ITA"]
[SourceTitle "EXT 2014"]
[Source "ChessBase"]
[SourceDate "2013.11.20"]
[SourceVersion "1"]
[SourceVersionDate "2013.11.20"]
[SourceQuality "1"]

1. e4 c5 2. Nf3 d6 3. d4 cxd4 4. Nxd4 Nf6 5. Nc3 a6 6. Be2 e5 7. Nf3 Be7 8. Bg5 Be6 9. Qd2 Nbd7 10. 0-0 b5 11. a3 h6 12. Be3 Nb6 13. b3 Qc7 14. Rfc1 Rc8 15. h3 Qxc3 16. Bxb6 Nxe4 17. Qxc3 Nxc3 18. Bf1 0-0 19. Ba5 Rc6 20. Bxc3 Rxc3 21. a4 Rfc8 22. Bd3 Bxb3 23. axb5 axb5 24. Ra7 Rxd3 25. Rxe7 Bxc2 26. Kh2 Rd1 27. Rxd1 Bxd1 28. Rd7 Bxf3 29. gxf3 Rc6 30. Kg2 Rb6 31. Kf1 b4 32. Rc7 b3 33. Rc1 b2 34. Rb1 d5 35. Ke2 Kf8 36. Kd3 Ke7 0-1

[Event "Ceriano Laghetto op-B 21st"]
[Site "Ceriano Laghetto"]
[Date "2012.03.??"]
[Round "3"]
[White "Adami, Alessandro"]
[Black "Tagliaferri, Valerio"]
[Result "1/2-1/2"]
[WhiteElo "1727"]
[BlackElo "1851"]
[PlyCount "105"]
[EventDate "2012.03.24"]
[EventType "swiss"]
[EventRounds "5"]
[EventCountry "ITA"]
[SourceTitle "EXT 2024"]
[Source "ChessBase"]
[SourceDate "2023.10.10"]
[SourceVersion "1"]
[SourceVersionDate "2023.10.10"]
[SourceQuality "1"]

1. e4 e6 2. d4 d5 3. exd5 exd5 4. Bd3 Nf6 5. h3 Bd6 6. Qf3 Be6 7. Bf4 Nc6 8. c3 Ne7 9. Bxd6 Qxd6 10. Ne2 Ng6 11. 0-0 0-0 12. Qg3 Qb6 13. b4 a5 14. b5 c6 15. a4 cxb5 16. Bxb5 Ne4 17. Qe3 Nd6 18. Na3 Rac8 19. Rfc1 Qd8 20. Rc2 Bd7 21. Bxd7 Qxd7 22. Nb1 Qf5 23. Qc1 Nc4 24. Nd2 Rfe8 25. Nxc4 Rxc4 26. Qd2 Rec8 27. Ng3 Qd7 28. Nf1 Rxa4 29. Rxa4 Qxa4 30. Ra2 Qb5 31. Ne3 b6 32. Rb2 Qc6 33. Rc2 b5 34. Rb2 a4 35. Qe2 a3 36. Rb3 Ra8 37. Qa2 Nf4 38. Rxa3 Rxa3 39. Qxa3 Ne2+ 40. Kh2 Nxc3 41. Qa5 Qc8 42. Nf5 Qb8+ 43. g3 b4 44. Ne7+ Kh8 45. Nxd5 Nxd5 46. Qxd5 b3 47. Qe4 b2 48. Qb1 Qb6 49. Kg1 Qxd4 50. Kg2 Qc3 51. Qa2 g6 52. Qxf7 Qc6+ 53. Kh2 1/2-1/2

[Event "Crema op 12th"]
[Site "Crema "]
[Date "2010.09.05"]
[Round "3"]
[White "Adami, Alessandro"]
[Black "Galli, Fabrizio"]
[Result "1-0"]
[WhiteElo "1675"]
[BlackElo "1472"]
[PlyCount "43"]
[EventDate "2010.09.05"]
[EventType "swiss"]
[EventRounds "6"]
[EventCountry "ITA"]
[SourceTitle "EXT 2012"]
[Source "ChessBase"]
[SourceDate "2011.11.24"]
[SourceVersion "1"]
[SourceVersionDate "2011.11.24"]
[SourceQuality "1"]

1. e4 d6 2. d4 Nf6 3. Nc3 g6 4. g3 Bg7 5. Bg2 c6 6. Nge2 Nbd7 7. 0-0 0-0 8. h3 e5 9. d5 cxd5 10. Nxd5 Nxd5 11. Qxd5 Nf6 12. Qd3 Be6 13. Rd1 Rc8 14. Qxd6 Qxd6 15. Rxd6 Rxc2 16. Nc3 Rc8 17. Bf1 Nxe4 18. Nxe4 Rxc1 19. Rxc1 Rxc1 20. Rd8+ Bf8 21. Nf6+ Kh8 22. Rxf8+ 1-0